| 000 | 01234nam a2200325 i 4500 | ||
|---|---|---|---|
| 003 | EG-GICUC | ||
| 005 | 20260122091517.0 | ||
| 008 | 251204s1992 ua ||||f |||| 00| 0 ara d | ||
| 017 | _a92/4326 | ||
| 020 | _a977-00-3356-1 | ||
| 040 |
_a EG-GICUC _bara _c EG-GICUC _d EG-GICUC _erda |
||
| 041 | _aara | ||
| 082 | 0 | 4 |
_221 _a345.25 _bص ل . أ |
| 092 | 0 | 4 | _221 |
| 099 | _aLaw1 07 345.25 ص ل . أ 1992 | ||
| 100 | 0 |
_aصلاح الدين فوزي _eمؤلف. |
|
| 245 | 1 | 2 |
_aالأدارة المحلية في التشريع المصري : _bنحو إدارة محلية أفضل \ _cدكتور صلاح الدين فوزي. |
| 264 | 1 |
_aالقاهرة : _bدار النهضة العربية، _c1992. |
|
| 300 |
_a321 صفحة؛ _c24 سم. |
||
| 336 |
_2rda content _atext |
||
| 337 |
_2rda media _aComputer |
||
| 338 |
_2rda carrier _aOnline Resource |
||
| 504 | _a. 317-302ببليوجرافيا: صفحات. | ||
| 546 | _aالنص أغلبه باللغة العربية بعض النصوص الإنجليزية والفرنسية | ||
| 650 | 1 |
_aالقانون الإداري _2qrmak |
|
| 651 | 1 | _2qrmak | |
| 856 | 4 | 0 | _uhttps://fll.law.cu.edu.eg/fulltext/bks/B07-00945.pdf |
| 905 |
_a74 _eYara |
||
| 942 |
_2ddc _n0 _cBK _e21 |
||
| 999 |
_c48410 _d48410 |
||